00249nam a22001097a 4500008004100000020002100041082001100062100001900073245001000092260001700102300002000119230227b |||||||| |||| 00| 0 eng d a978-1800-75157-6 a813.54 aThrity Umrigar aHonor bSwift,c2022 a326 p.c23.5 cm